000 01376cam a22003494a 4500
999 _c41805
_d41805
001 13666722
003 OSt
005 20221114120341.0
008 040726s2004 nyua b 001 0 eng
010 _a 2004274232
020 _a9789389538779
020 _a0071420401
040 _aDLC
_cDLC
_dDLC
042 _apcc
050 0 0 _aQA76.73.J38
_bH82 2004
082 0 0 _a005.133
_222
_bHUB/S
100 1 _aHubbard, J. R.
_q(John Rast),
_d1943-
_95336
245 1 0 _aSchaum's outline of theory and problems of programming with Java /
_cJohn R. Hubbard.
246 3 0 _aTheory and problems of programming with Java
246 1 4 _aProgramming with Java
250 _a2nd ed.
260 _aNew York :
_bMcGraw-Hill,
_cc2004.
300 _axii, 345 p. :
_bill. ;
_c28 cm.
440 0 _aSchaum's outline series
504 _aIncludes bibliographical references (p. 336-337) and index.
650 0 _aJava (Computer program language)
856 4 2 _3Publisher description
_uhttp://www.loc.gov/catdir/description/mh051/2004274232.html
856 4 2 _3Contributor biographical information
_uhttp://www.loc.gov/catdir/bios/mh051/2004274232.html
906 _a7
_bcbc
_corigcop
_d2
_encip
_f20
_gy-gencatlg
942 _2ddc
_cBK
_h005.133
_iHUB/S
_k005.133
_mHUB/S